[Event "Ille et Vilaine-ch 1112"]
[Site "Ile et Vilaine"]
[Date "2012.01.28"]
[Round "5.13"]
[White "El Kettani, Aziz"]
[Black "Duclau, Patrick"]
[Result "1-0"]
[WhiteElo "1499"]
[BlackElo "1640"]
[PlyCount "97"]
[EventDate "2012.10.??"]
[EventType "swiss"]
[EventRounds "7"]
[EventCountry "FRA"]
[SourceTitle "EXT 2014"]
[Source "ChessBase"]
[SourceDate "2013.11.20"]
[SourceVersion "1"]
[SourceVersionDate "2013.11.20"]
[SourceQuality "1"]

1. e4 e5 2. Qh5 Nf6 3. Qf3 d5 4. Nc3 c6 5. h3 Be6 6. d3 Bb4 7. Bd2 0-0 8. g4 d4 9. Nb1 Qb6 10. b3 Qa5 11. g5 Nfd7 12. h4 Bxd2+ 13. Nxd2 Qc3 14. Qd1 Na6 15. Ne2 Qa5 16. h5 f5 17. Bh3 Rae8 18. g6 fxe4 19. gxh7+ Kxh7 20. dxe4 Rf3 21. Bxe6 Rxe6 22. a3 Rff6 23. b4 Qd8 24. Nc4 Rh6 25. Ng3 Qg5 26. Nf5 Qg2 27. Rh4 Qg1+ 28. Ke2 Qg5 29. Qg1 Qxg1 30. Rxg1 g5 31. Rxg5 Nf6 32. Nxh6 Kxh6 33. Rxe5 Nc7 34. Rxe6 Nxe6 35. e5 Kg5 36. Rh1 Nf4+ 37. Kf3 N6xh5 38. Nd6 b6 39. Ke4 Ne6 40. Nc8 c5 41. Nxa7 c4 42. Kd5 d3 43. cxd3 cxd3 44. Kxe6 Nf4+ 45. Kf7 Kf5 46. Re1 Ng2 47. Rd1 Ke4 48. e6 Nf4 49. e7 1-0